Una stanza tutta per sé /

সংরক্ষণ করুন:
গ্রন্থ-পঞ্জীর বিবরন
প্রধান লেখক: Woolf, Virginia (লেখক)
অন্যান্য লেখক: Del Serra, Maura (অনুবাদক), Guiducci, Armanda (ভূমিকা রচয়িতা, ইত্যাদি)
বিন্যাস: গ্রন্থ
ভাষা:ইতালিয়
প্রকাশিত: Roma : TEN, 1993
সংস্করন:Ed. integrale
মালা:Centopaginemillelire ; 101
ট্যাগগুলো: ট্যাগ যুক্ত করুন
কোনো ট্যাগ নেই, প্রথমজন হিসাবে ট্যাগ করুন!

MARC

LEADER 00000nam a22000007i 4500
001 IT\ICCU\LO1\0335617
003 ItRI
005 20260203101316.0
008 940523s1993 it |||||| ||||| |||||c
020 |a 8879830651 
040 |b ita  |c ct 
041 7 |a ita  |2 ISO-639-2 
082 |a 823.912  |2 19 
082 |a 823.9  |2 20 
082 |a 923.9  |2 20 
100 1 |a Woolf, Virginia  |0 IT\ICCU\CFIV\016490  |4 aut 
240 1 2 |a A room of one's own  |9 Woolf, Virginia 
245 1 4 |a Una stanza tutta per sé /  |c Virginia Woolf ; introduzione di Armanda Guiducci ; traduzione e prefazione di Maura Del Serra. 
250 |a Ed. integrale 
260 |a Roma :  |b TEN,  |c 1993 
300 |a 94 p. ;  |c 20 cm 
700 1 |a Del Serra, Maura  |0 IT\ICCU\CFIV\001424  |4 trl 
700 1 |a Guiducci, Armanda  |0 IT\ICCU\CFIV\010094  |4 aui 
830 0 |a Centopaginemillelire ;  |v 101  |0 IT\ICCU\RAV\0196182 
942 |2 ddc  |c BK 
952 |0 0  |1 0  |2 ddc  |4 0  |6 B_SCR03WOOVISTA11  |7 0  |9 9138  |a MI  |b MI  |d 2012-03-07  |i 3187  |l 0  |o B-SCR03-WOOVI-STA11  |p CDOM3187  |r 2025-07-17 21:50:45  |w 2025-07-17  |x DONO  |y BK 
952 |0 0  |1 0  |2 ddc  |4 0  |6 B_SCR03WOOVISTA12  |7 0  |9 9139  |a MI  |b MI  |d 2012-03-07  |i 3188  |l 0  |o B-SCR03-WOOVI-STA12  |p CDOM3188  |r 2025-07-17 21:50:45  |w 2025-07-17  |x DONO  |y BK 
952 |0 0  |1 0  |4 0  |6 L_823_912000000000000_WOO  |7 0  |9 17163  |a BO  |b BO  |d 2026-01-15  |i 10188  |l 0  |o L 823.912 WOO  |p BO10188  |r 2026-01-15 23:19:33  |w 2026-01-15  |x [Sebina 5] [1 v. (2. copia)]  |y BK  |z 1 v. (2. copia) 
952 |0 0  |1 0  |4 0  |6 L_823_000000000000000_WOO  |7 0  |9 17164  |a BO  |b BO  |d 2026-01-15  |i 3337  |l 0  |o L 823 WOO  |p BO3337  |r 2026-01-15 23:19:33  |w 2026-01-15  |x [Sebina 5] [1 v.]  |y BK  |z 1 v. 
999 |c 7613  |d 7613